书目信息 |
| 题名: |
电力工程
|
|
| 作者: | 袁小华 主编 | |
| 分册: | ||
| 出版信息: | 北京 中国电力出版社 2007.10 |
|
| 页数: | 264页 | |
| 开本: | 26cm | |
| 丛书名: | ||
| 单 册: | ||
| 中图分类: | TM7 | |
| 科图分类: | ||
| 主题词: | 电力工程--dian li gong cheng--高等学校--教材 | |
| 电子资源: | ||
| ISBN: | 978-7-5083-6014-0 | |
| 000 | 00946nam0 2200253 450 | |
| 001 | 012008722457 | |
| 005 | 20080611150701.78 | |
| 010 | @a978-7-5083-6014-0@dCNY27.00 | |
| 100 | @a20080611d2007 em y0chiy0120 ea | |
| 101 | 0 | @achi |
| 102 | @aCN@b110000 | |
| 105 | @ay a 000yy | |
| 106 | @ar | |
| 200 | 1 | @a电力工程@Adian li gong cheng@f袁小华主编@Fyuan xiao hua zhu bian |
| 210 | @a北京@c中国电力出版社@d2007.10 | |
| 215 | @a264页@d26cm | |
| 300 | @a普通高等教育“十一五”规划教材 | |
| 320 | @a有书目 (第264页) | |
| 330 | @a本书是本着强调基本概念、简化理论、紧密结合现场实际、突出实际应用的思想进行编写的。根据现代电力系统对应用型人才的要求,本书着重阐明了电力系统、发电厂和变电所电气部分的基本知识和原理,具有易于理解和讲授、自学方便等特点。 | |
| 606 | 0 | @a电力工程@Adian li gong cheng@x高等学校@j教材 |
| 690 | @aTM7@v4 | |
| 701 | 0 | @a袁小华@Ayuan xiao hua@4主编 |
| 801 | 0 | @aCN@bQSSK@c20080611 |
| 905 | @b725858-59@dTM7@eY912@f2 | |
| 电力工程/袁小华主编.-北京:中国电力出版社,2007.10 |
| 264页;26cm |
| 普通高等教育“十一五”规划教材 |
| ISBN 978-7-5083-6014-0:CNY27.00 |
| 本书是本着强调基本概念、简化理论、紧密结合现场实际、突出实际应用的思想进行编写的。根据现代电力系统对应用型人才的要求,本书着重阐明了电力系统、发电厂和变电所电气部分的基本知识和原理,具有易于理解和讲授、自学方便等特点。 |
| ● |
| 相关链接 |
|
|
|
正题名:电力工程
索取号:TM7/Y912
 
预约/预借
| 序号 | 登录号 | 条形码 | 馆藏地/架位号 | 状态 | 备注 |
| 1 | 725858 | 207258581 | 自科库301/301自科库 16排4列1层/ [索取号:TM7/Y912] | 在馆 | |
| 2 | 725859 | 207258590 | 自科库301/301自科库 16排4列1层/ [索取号:TM7/Y912] | 在馆 |